000 00356pam a2200157a 44500
008 230515b2012 xxu||||| |||| 00| 0 eng d
020 _a1
041 _aENGLISH
082 _a1
100 _aGROFFERY
245 _aBLACKS VETERINARY DICTIONARY
250 _a1
260 _aNULL
_bN.D.
_c2012
300 _a300
650 _aBLACKS VETERINARY DICTIONARY
999 _c497464
_d497464